Hunger And Public Action/ (Record no. 202816)
[ view plain ]
| 000 -LEADER | |
|---|---|
| fixed length control field | 00622 a2200205 4500 |
| 005 - DATE AND TIME OF LATEST TRANSACTION | |
| control field | 20240510151109.0 |
| 010 ## - LCCN (DPL NO) | |
| LC control number | B-758899 |
| 020 ## - INTERNATIONAL STANDARD BOOK NUMBER | |
| International Standard Book Number | 0198286341 |
| Terms of availability | 275.00 |
| 035 ## - SYSTEM CONTROL NUMBER | |
| System control number | B-758899 |
| 037 ## - SOURCE OF ACQUISITION | |
| Source of stock number/acquisition | Gift/Unesco |
| 082 ## - DEWEY DECIMAL CLASSIFICATION NUMBER | |
| Classification number | 363.856091724 |
| Edition number | 1 |
| 100 ## - MAIN ENTRY--PERSONAL NAME | |
| Personal name | Dreze, Jean |
| 245 ## - TITLE STATEMENT | |
| Title | Hunger And Public Action/ |
| Statement of responsibility, etc | Jean Dreze and Amartya Sen |
| 260 ## - PUBLICATION, DISTRIBUTION, ETC. (IMPRINT) | |
| Place of publication, distribution, etc | New york |
| Name of publisher, distributor, etc | Oxford University Press |
| Date of publication, distribution, etc | 1989 |
| 270 ## - ADDRESS | |
| Address | New york |
| City | New york |
| 300 ## - PHYSICAL DESCRIPTION | |
| Extent | 373 p. |
| Dimensions | 24cm (Hb) |
| 700 ## - ADDED ENTRY--PERSONAL NAME | |
| Personal name | Sen, Amartya |
| 9 (RLIN) | 66089 |
| 942 ## - ADDED ENTRY ELEMENTS (KOHA) | |
| Institution code [OBSOLETE] | dpl |
| Item type | English Books |
| Source of classification or shelving scheme | Dewey Decimal Classification |
| Classification part | 363.856091724 |
| Call number suffix | Dre |
| Withdrawn status | Lost status | Not for loan | Collection code | Home library | Current library | Date acquired | Source of acquisition | Cost, normal purchase price | Full call number | Barcode | Copy number | Cost, replacement price | Koha item type | Public note |
|---|---|---|---|---|---|---|---|---|---|---|---|---|---|---|
| Non-fiction | Shahdara Branch | Shahdara Branch | 10/05/2024 | Gift/29.4.24 | 275.00 | 363.856091724 Dre | B-758899 | 1 | 275.00 | English Books | Gift |
